{"text_format":"3","workbook":"xlsx","n_sheets":3,"sheets":["设备设施","建筑物明细表","无形资产"],"read":"whole","date_system":"1900"}

{"sheet":"设备设施","index":0,"n_rows":38,"n_cols":16,"rows_kept":38,"merged":[[0,0,1,15],[2,0,2,15],[3,0,4,0],[3,1,4,1],[3,2,4,2],[3,3,4,3],[3,4,4,4],[3,5,4,5],[3,6,4,6],[3,7,4,7],[3,8,4,8],[3,9,3,10],[3,11,3,13],[3,14,4,14],[3,15,4,15],[26,0,28,0],[26,1,28,1],[26,2,28,2],[37,0,37,1]]}
["南白加气站-设备设施资产明细表"]
[]
["设备设施"]
["序号","设备编号","设备名称","规格/型号","生产厂家","计量单位","数量","存放位置","启用日期","账面价值",null,"评估价值",null,null,"增值率%","备注"]
[{"$nulls":9},"原值","净值","原值","成新率%","净值"]
[1,"06100701002326","LNG集装箱式加气撬","22M3-1.2Mpa",null,"台",1,"南白加气站","2013-12-31",304520.81,78046.53,{"v":1144944.69026549,"d":"1144945"},{"v":0.33,"d":"33%"},{"v":377831.747787611,"d":"377832"}]
[2,"09030599000097","避雷系统",null,null,"套",1,"南白加气站","2014-11-19",23189.73,1159.49,25330,{"v":0.38,"d":"38%"},{"v":9625.4,"d":"9625"}]
[3,"14040103000283","CNG三线双枪加气机","HQHP-JQJ-30-L  40立方/min","成都华气厚普机电设备股份有限公司","台",1,"南白加气站","2016-10-28",148890.17,67376.46,{"v":138944.996552414,"d":"138945"},{"v":0.43,"d":"43%"},{"v":59746.3485175378,"d":"59746"}]
[4,"06100701000314","L-CNG泵撬","HQHP-LCNG-11/11","成都华气厚普机电设备股份有限公司","套",1,"南白加气站","2013-12-31",922208.45,235190.81,{"v":429466.352980187,"d":"429466"},{"v":0.36,"d":"36%"},{"v":154607.887072867,"d":"154608"}]
[5,"14040406001039","监视系统","含一套电脑、13个防爆摄像头",null,"套",1,"南白加气站","2014-11-19",71353.01,3567.65,56252,{"v":0.38,"d":"38%"},{"v":21375.76,"d":"21376"}]
[6,"14010401000326","PLC SCADA控制系统",null,null,"套",1,"南白加气站","2013-12-31",630585.5,31529.27,{"v":205891.222164031,"d":"205891"},{"v":0.33,"d":"33%"},{"v":67944.1033141302,"d":"67944"},null,"含2套电脑"]
[7,"14040104000010","LNG加液机","HQHP-JYJ-80-11，包含IC小票打印  3-80KG/min","成都华气厚普机电设备股份有限公司","台",2,"南白加气站","2014-06-30",478442.65,209020.16,{"v":426940.080315598,"d":"426940"},{"v":0.34,"d":"34%"},{"v":145159.627307303,"d":"145160"}]
[8,"05050201000284","CNG储气瓶组","HQHP/3.9立方米","石家庄安端科气体机械有限公司","台",1,"南白加气站","2013-12-31",461189.64,118728.04,{"v":189470.4498442,"d":"189470"},{"v":0.33,"d":"33%"},{"v":62525.2484485861,"d":"62525"}]
[9,"09010301000334","柴油发电机组（静音型）","英泰STC-100-4发电机组（含发动机）",null,"套",1,"南白加气站","2016-07-26",72284.56,14816.91,57522,{"v":0.48,"d":"48%"},{"v":27610.56,"d":"27611"}]
[10,"14040103000953","CNG三线双枪加气机","HQHP-JQJ-30-L","成都华气厚普机电设备股份有限公司","台",1,"南白加气站","2013-12-31",148890.18,38182.93,{"v":138944.996552414,"d":"138945"},{"v":0.36,"d":"36%"},{"v":50020.1987588689,"d":"50020"}]
[11,"14040403001201","可燃气体控制器附件－燃气探头","E16",null,"个",1,"南白加气站","2017-01-22",17641.03,2421.93,15500,{"v":0.44,"d":"44%"},6820]
[12,"14040403001213","可燃气体控制器","E16A",null,"套",1,"南白加气站","2017-01-22",4273.5,0,4000,{"v":0.44,"d":"44%"},1760]
[13,"05050399001102","LNG储罐","HQHP/60立方米","石家庄安瑞科气体机械有限公司","台",1,"南白加气站","2013-12-31",741061.45,193647.49,{"v":505254.532917867,"d":"505255"},{"v":0.38,"d":"38%"},{"v":191996.72250879,"d":"191997"}]
[14,"09020101000643","变压器","YBW-12-200KVA","重庆望江干式变压器有限公司","套",1,"南白加气站","2014-11-19",349030.94,17451.55,277710,{"v":0.45,"d":"45%"},{"v":124969.5,"d":"124970"}]
[15,"14010401000040","顺序控制盘","HQHP-JQJ-IC-II",null,"台",1,"南白加气站","2013-12-31",46394.53,2319.73,{"v":63156.8166147334,"d":"63157"},{"v":0.33,"d":"33%"},{"v":20841.749482862,"d":"20842"}]
[16,"15010699012841","防爆智能手机","DL03","HONOR","台",1,"南白加气站","2022-12-16",5113,3169.96,4700,{"v":0.78,"d":"78%"},3666]
[17,"14040402000305","管线","油气设备管线",null,"m",899.69,"南白加气站","2014-11-19",737746.64,36887.33,734280,{"v":0.38,"d":"38%"},{"v":279026.4,"d":"279026"}]
[18,"06100701002103","LNG泵撬","HQHP-JZJ-Q1(采用美国ACD低温潜液泵340L/min)","成都华气厚普机电设备股份有限公司","台",1,"南白加气站","2013-12-31",779259.55,198617.98,{"v":477465.533607385,"d":"477466"},{"v":0.3,"d":"30%"},{"v":143239.660082215,"d":"143240"}]
[19,"14020206000097","气相色谱仪","GC-9890",null,"台",1,"南白加气站","2022-08-23",8407.08,420.35,8500,{"v":0.74,"d":"74%"},6290]
[20,"11029901000318","SCADA生产指挥系统",null,null,"套",1,"南白加气站","2019-10-29",160514.65,73447.55,163000,{"v":0.63,"d":"63%"},102690,null,"配套一套电脑"]
[21,null,"放散管","低压不锈钢、高压铸铁12米",null,"套",1,"南白加气站","2014-11-19",null,null,{"v":3947.30103842084,"d":"3947"},{"v":0.38,"d":"38%"},{"v":1499.97439459992,"d":"1500"}]
[22,null,"气化撬","水浴式加热器",null,"台",1,"南白加气站","2014-11-19",null,null,{"v":126313.633229467,"d":"126314"},{"v":0.38,"d":"38%"},{"v":47999.1806271974,"d":"47999"}]
[{"$nulls":3},"空温式汽化器100NM3/H",null,"台",1,"南白加气站","2014-11-19",null,null,{"v":4420.97716303134,"d":"4421"},{"v":0.38,"d":"38%"},{"v":1679.97132195191,"d":"1680"}]
[{"$nulls":3},"空温式汽化器1000NM3/H",null,"台",2,"南白加气站","2014-11-19",null,null,{"v":44209.7716303134,"d":"44210"},{"v":0.38,"d":"38%"},{"v":16799.7132195191,"d":"16800"}]
[23,null,"电脑","显示器三星S19B300NW,主机：HP HPPRO3381MTPCT等",null,"套",1,"南白加气站","2013-12-31",null,null,"4668",{"v":0.33,"d":"33%"},{"v":1540.44,"d":"1540"}]
[24,null,"PLC控制柜","已报废",null,"台",1,"南白加气站",{"$nulls":3},9800,{"v":0.05,"d":"5%"},490]
[25,null,"LNG加液机","已报废",null,"台",1,"南白加气站",{"$nulls":3},{"v":149557.522123894,"d":"149558"},{"v":0.05,"d":"5%"},{"v":7477.87610619469,"d":"7478"}]
[26,null,"LNG泵撬","已报废",null,"台",1,"南白加气站",{"$nulls":3},{"v":334513.274336283,"d":"334513"},{"v":0.05,"d":"5%"},{"v":16725.6637168142,"d":"16726"}]
[27,null,"LNG泵撬","HQHP-JZJ-Q1","成都华气厚普机电设备股份有限公司","台",1,"南白加气站","2015-10-31",855626.2,269294.72,{"v":334513.274336283,"d":"334513"},{"v":0.4,"d":"40%"},{"v":133805.309734513,"d":"133805"}]
[28,"14010401000217","PLC自控系统（只有程序控制柜）","HQHP","成都华气厚普机电设备股份有限公司","台",1,"南白加气站","2013-12-31",null,null,9800,{"v":0.33,"d":"33%"},3234]
[29,"14040104000008","LNG加液机","HQHP-JYJ-80-I","成都华气厚普机电设备股份有限公司","台",1,"南白加气站","2013-12-31",345618.99,97759.85,{"v":213470.040157799,"d":"213470"},{"v":0.33,"d":"33%"},{"v":70445.1132520737,"d":"70445"}]
[30,"14040104000302","LNG加液机","HQHP-JYJ-80-II","成都华气厚普机电设备股份有限公司","台",1,"南白加气站","2015-10-31",342773.89,109870.54,{"v":213470.040157799,"d":"213470"},{"v":0.4,"d":"40%"},{"v":85388.0160631196,"d":"85388"}]
["合计：",{"$nulls":12},2244832.17]

{"sheet":"建筑物明细表","index":1,"n_rows":16,"n_cols":26,"rows_kept":16,"merged":[[0,0,2,25],[3,0,4,0],[3,1,4,1],[3,2,4,2],[3,3,4,3],[3,4,4,4],[3,5,4,5],[3,6,4,6],[3,7,4,7],[3,8,4,8],[3,9,4,9],[3,10,4,10],[3,11,4,11],[3,12,4,12],[3,13,4,13],[3,14,4,14],[3,15,4,15],[3,16,4,16],[3,17,4,17],[3,18,3,19],[3,20,3,22],[3,23,4,23],[3,24,4,24],[3,25,4,25],[13,0,14,0],[13,3,14,3],[13,4,14,4],[13,12,14,12],[13,17,14,17],[13,18,14,18],[13,19,14,19],[15,0,15,1]]}
["固定资产—建（构）筑物明细表"]
[]
[]
["序号","房产证编号","所有人","建筑物名称","建成年月\n(竣工日期)","建筑结构","建筑面积(m2/立方)","现用途","檐高(米)","层高","总层数","本单位占第几层","详细座落地址","吊车吨位(T)","跨度(M)","柱距(M)","成本单价(元/m2)","使用状况","账面价值",null,"评估价值",null,null,"增值率%","评估单价(元/m2)","备注"]
[{"$nulls":18},"原值","净值","原值","成新率%","净值"]
["一","南白加气站","南白加气站","南白加气站"]
[1,null,null,"营业房","2014-11","混合",191.21,"办公",null,"一层：3.0m",1,"1","南白加气站",{"$nulls":4},"能正常使用",{"v":1130161.01,"d":"1,130,161.01"},{"v":328635.35,"d":"328,635.35"},{"v":510339.49,"d":"510,339"},{"v":0.779322087269456,"d":"78%"},{"v":397718.83656283,"d":"397,719"}]
[2,null,null,"罩(雨)棚","2014-11","钢结构",360,null,null,"6.95m",1,"1","南白加气站",{"$nulls":4},"能正常使用",{"v":182886.48,"d":"182,886.48"},{"v":9144.32,"d":"9,144.32"},{"v":192960,"d":"192,960"},{"v":0.728322087269456,"d":"73%"},{"v":140537.029959514,"d":"140,537"}]
[3,null,null,"乘客候车区","2014-11","简易结构",28.48,{"$nulls":3},1,1,"南白加气站",{"$nulls":4},"能正常使用",{"v":19179.39,"d":"19,179.39"},{"v":2574.02,"d":"2,574.02"},{"v":7689.6,"d":"7,690"},{"v":0.819666666666667,"d":"82%"},{"v":6302.9088,"d":"6,303"}]
[4,null,null,"地坪","2014-11","混凝土",4050.09,{"$nulls":5},"南白加气站",{"$nulls":4},"能正常使用",{"v":3107518.42,"d":"3,107,518.42"},{"v":155375.92,"d":"155,375.92"},{"v":882919.62,"d":"882,920"},{"v":0.435866666666667,"d":"44%"},{"v":384835.231704,"d":"384,835"}]
[5,null,null,"防撞栏/钢结构","2014-11","1.5米10根、16根单柱",{"v":1,"d":"1.00"},{"$nulls":5},"南白加气站",{"$nulls":4},"能正常使用",{"v":12529.89,"d":"12,529.89"},626.49,{"v":4688,"d":"4,688"},{"v":0.435866666666667,"d":"44%"},{"v":2043.34293333333,"d":"2,043"}]
[6,null,null,"标识标牌","2014-11","不锈钢",65,{"$nulls":5},"南白加气站",{"$nulls":4},"能正常使用",{"v":216339.09,"d":"216,339.09"},{"v":10816.95,"d":"10,816.95"},{"v":23400,"d":"23,400"},{"v":0.435866666666667,"d":"44%"},{"v":10199.28,"d":"10,199"}]
[7,null,null,"排水设施","2014-11-19",null,137.33,{"$nulls":5},"南白加气站",{"$nulls":4},"能正常使用",{"v":113986.56,"d":"113,986.56"},{"v":5699.33,"d":"5,699.33"},{"v":77002,"d":"77,002"},{"v":0.338,"d":"34%"},{"v":26026.676,"d":"26,027"},null,null,"含工业管沟"]
[8,null,null,"其他构筑物-围墙（含挡土墙）","2014-11","围墙、围栏",244,{"$nulls":5},"南白加气站",{"$nulls":4},"能正常使用",{"v":2634682.31,"d":"2,634,682.31"},{"v":729179.86,"d":"729,179.86"},{"v":43920,"d":"43,920"},{"v":0.435866666666667,"d":"44%"},{"v":19143.264,"d":"19,143"}]
[{"$nulls":5},"档土墙",334.8,null,"45*6.2*1.2米",{"$nulls":11},{"v":297972,"d":"297,972"},{"v":0.435866666666667,"d":"44%"},{"v":129876.0624,"d":"129,876"}]
["合计：",{"$nulls":21},1116682.63]

{"sheet":"无形资产","index":2,"n_rows":10,"n_cols":13,"rows_kept":10,"merged":[[0,0,2,12],[9,0,9,2]]}
["无形资产—土地使用权明细表"]
[]
[]
["序号","土地权证编号","土地位置","取得日期","土地用途","准用年限","开发程度","面积(m2)","账面价值（万元）","评估总价值（万元）","增减值（万元）","增值率%","备注"]
[1,"黔（2013）遵义市播州区不动产权第0016916号","遵义市播州区影山湖街道龙泉社区华油加气站站房0-1-1","2019-04-17","工业",50,"六通一平",{"v":4434.4,"d":"4,434.40"},552.51,746.75,224.25,{"v":0.43,"d":"43.00%"}]
[{"$nulls":11},""]
[{"$nulls":10},0,""]
[{"$nulls":10},0,""]
[{"$nulls":10},0,""]
["合         计",{"$nulls":7},552.51,746.75,224.25]